01568nam a2200433 i 450000100060000000300020000600500170000800600190002500700150004400800410005902000180010002000270011803500230014503500240016803500250019203500210021704000310023805000240026908000100029308200150030310000260031824501040034426400390044830000410048733600310052833700330055933800430059258801250063559001590076065000150091965000130093465000180094765500270096570000330099279700190102585600620104494200110110699900170111778551020241217151456.0m o d | cr cnu||||||||170313s2016 sp o 000 0 spa d z9788490646014 a9788491165743 (e book) a(MiAaPQ)EBC4776249 a(Au-PeEL)EBL4776249 a(CaPaEBR)ebr11322896 a(OCoLC)991898295 aFINmELBbspaerdacFINmELB 4aBF315.5bS1264 2016 a159.90 a153.442231 aSadler-Smith, Eugene.13aLa mente intuitiva :bcómo aprovechar el poder /cEugene Sadler-Smith ; prólogo de Luis Pastor. 1aBarcelona :bEditorial UOC,c2016. a1 recurso en línea (295 páginas) atextobtxt2rdacontent/spa acomputadorabc2rdamedia/spa arecurso en líneabcr2rdacarrier/spa aDescripción basada en recurso en línea; Título de la página del título en PDF (e-libro, visto March 13, 2017). aRecurso electronico. Santa Fe, Arg. : e-libro, 2016. Disponible via World Wide Web. El acceso puede ser limitado para las bibliotecas afiliadas a e-libro. 0aIntuition. 4aCerebro. 4aPsicología. 4aLibros electrónicos.1 aPastor, Lluis,eprologuista.2 ae-libro, Corp.40uhttps://elibro.net/ereader/politecnicointernacional/58606 cLIBROS c78551d78551